Swoosh : the story of Nike and the men who played there

Bibliographic Details
Main Author: Strasser, J.B
Other Authors: Becklund, Laurie
Format: Book
Published: New York : Harcourt Brace Jovanovich,Inc. , 1991
Subjects:

MARC

LEADER 00000cam a2200000 7i4500
001 0000009071
002 000009881
005 20000330.0
020 |a 0151874301 
090 0 0 |a 338.768870973   |b STR 
100 1 |a Strasser, J.B 
245 1 0 |a Swoosh :   |b the story of Nike and the men who played there   |c J.B.Strasser 
260 |a New York :   |b Harcourt Brace Jovanovich,Inc. ,   |c 1991 
300 |a 682 p. ;   |c 22 cm. 
650 0 0 |a Nike (Firm)   |x History 
650 0 0 |a Sporting goods industry   |z United States   |x History 
700 1 |a Becklund, Laurie 
999 |a 046797   |b BUKU   |c PINJAMAN   |e PERPUSTAKAAN KOMUNITI PETALING JAYA 
999 |a 047550   |b BUKU   |c PINJAMAN   |e PERPUSTAKAAN KOMUNITI PETALING JAYA